000 00334nam a22001337a 4500
005 20160202161834.0
008 160202b xxu||||| |||| 00| 0 eng d
040 _cPK-LaUMT
082 _aAMC 955.0541824
_bISL-
245 _aThe Islamic revolution in Iran
_cEqbal ahmad(Edit
260 _a[ ]
_b[ ]
_c[ ]
300 _a[ ]
942 _cBK
999 _c82548
_d82548